| 000 | 00713nam a2200217 a 4500 | ||
|---|---|---|---|
| 005 | 20241029063712.0 | ||
| 008 | 010927s1999 r 000 0 eng d | ||
| 020 | _a8487330983 | ||
| 035 | _aUPN01000112126 | ||
| 049 | _aCG | ||
| 050 | 4 |
_aGV361 _bP5.68 |
|
| 100 | 1 | _aPiéron, Maurice | |
| 245 | 1 | 0 |
_aPara una enseñanza eficaz de las actividades físico-deportivas / _cMaurice Piéron ; tr. Ma. Angels Pujol. |
| 260 |
_aBarcelona, Esp. : _bINDE, _c1999. |
||
| 300 |
_a314 p. : _bfigs., tablas |
||
| 440 | 3 | _aLa educación física en reforma | |
| 650 | 4 |
_aEducación física _xEstudio y enseñanza _94839 |
|
| 650 | 7 |
_aActividades físicas _2 _9145 |
|
| 650 | 7 |
_aActividades deportivas _2 _9142 |
|
| 905 | _aLibro | ||
| 999 |
_c86034 _d86034 |
||